El hijo de casa /

Guardado en:
Bibliografiske detaljer
Hovedforfatter: Liano, Dante 1948-
Format: Ukendt
Sprog:Spanish
Udgivet: Barcelona : Roca editorial de libros, 2004.
Udgivelse:1. edición
Fag:
Tags: Tilføj Tag
Ingen Tags, Vær først til at tagge denne postø!

MARC

LEADER 000000000a22000000004500
001 001880
003 CIICLA
005 20191126105900.0
007 ta
008 140129s2004 es |||g |||| 000 f spa d
020 |a 8496284174 
040 |c cru CIICLA Universidad de Costa Rica 
041 0 |a español 
082 |a G863.4  |b L693h 
100 1 |a Liano, Dante   |d 1948-  |9 97 
245 1 3 |a El hijo de casa /  |c Dante Liano.  
250 |a 1. edición 
260 1 |a Barcelona :  |b Roca editorial de libros,   |c 2004. 
300 |a 139 páginas 
650 4 |a LITERATURA GUATEMALTECA  |v NOVELA 
942 |2 ddc  |c BK 
999 |c 2771  |d 2771